Dimensionamiento de un equipo de gasificación para el aprovechamiento de broza de café
Guardado en:
| Hovedforfatter: | |
|---|---|
| Andre forfattere: | |
| Format: | Bog |
| Udgivet: |
San José, Costa Rica
2010
|
| Fag: | |
| Tags: |
Tilføj Tag
Ingen Tags, Vær først til at tagge denne postø!
|
MARC
| LEADER | 00000nam a2200000Ia 4500 | ||
|---|---|---|---|
| 003 | 010223 | ||
| 005 | 20240409110856.0 | ||
| 008 | 140114s2010 cr a 000 ||s d | ||
| 040 | |c cru CEDI | ||
| 090 | |a TFG 6277 | ||
| 100 | |a Mairena Calvo, Benjamín, 1986- |9 2925 | ||
| 245 | |a Dimensionamiento de un equipo de gasificación para el aprovechamiento de broza de café | ||
| 260 | |a San José, Costa Rica |c 2010 | ||
| 500 | |a Proyecto de graduación (licenciatura en ingeniería química)--Universidad de Costa Rica. Facultad de Ingeniería. Escuela de Ingeniería Química | ||
| 501 | |a Director de Proyecto de Graduación: Ing. Hernán Camacho Soto, M.Sc. | ||
| 650 | |x GASIFICACION DE LA BIOMASA-EQUIPO Y ACCESORIOS-DISEÑO Y CONSTRUCCION |x ANALISIS QUIMICO |x GAS -- OBTENCION Y PRODUCCION |x GASIFICACION DE LA BIOMASA-EQUIPO Y ACCESORIOS- ANALISIS DE COSTOS |x CAFE |x APROVECHAMIENTO DE RESIDUOS |x REACCIONES QUIMICAS |9 2783 | ||
| 700 | |a Camacho Soto, Hernán, 1951-2021 |d Director del TFG |9 1965 | ||
| 942 | |c TFG |h TFG 6277 |i 010223 |6 TFG_6277_010223000000000 | ||
| 999 | |c 15927 |d 15927 | ||
